Cuaderno de viaje : comarcas de Barcelona : propuestas únicas y experiencias inolvidables comarcas de Barcelona : propuestas únicas y experiencias inolvidables
Descripción Física:
27 pàgines : il·lustracions ; 24 cm
Idioma:
Catalán
MARC
| LEADER | 00000nam a2200000 a 4500 | ||
|---|---|---|---|
| 001 | 26037 | ||
| 008 | 220622b spa||||| |||| 00| 0 cat d | ||
| 017 | |a DL B 26143-2016 | ||
| 080 | |a FU-71-37 | ||
| 245 | |a Cuaderno de viaje : |b comarcas de Barcelona : propuestas únicas y experiencias inolvidables | ||
| 260 | |a Barcelona : |b Diputació de Barcelona, |c 2016 | ||
| 300 | |a 27 pàgines : |b il·lustracions ; |c 24 cm | ||
| 590 | |a Text en castellà. Hi ha un altre exemplar en anglès amb R. 23726, en català amb R. 23879 i en francès amb R. 23888 | ||
| 650 | 0 | |a Turisme |z Barcelona (Província) |v Guies |9 31526 | |
| 651 | 0 | |9 52676 |a Barcelona (Catalunya : Província) |v Guies | |
| 710 | 1 | |a Barcelona (Catalunya : Província). |b Diputació |9 52408 | |
| 710 | 2 | |9 51683 |a Barcelona es Mucho Más |e Marca turística | |
| 901 | |a Arxiu | ||
| 942 | |n 1 |2 udc |c ARXIU | ||
| 952 | |0 0 |1 0 |4 0 |6 FU7137 |7 1 |9 62507 |a Arxiu |b Arxiu |d 2022-06-22 |l 0 |o FU-71-37 |p 26037 |r 2022-06-22 00:00:00 |w 2022-06-22 |y ARXIU | ||
| 999 | |c 82117 |d 82117 | ||